[Event "75th Tata Steel GpA"]
[Site "Wijk aan Zee NED"]
[Date "2013.01.22"]
[Round "9.4"]
[White "Hou, Yifan"]
[Black "Carlsen, Magnus"]
[Result "0-1"]
[WhiteTitle "GM"]
[BlackTitle "GM"]
[WhiteElo "2603"]
[BlackElo "2861"]
[WhiteFideId "8602980"]
[BlackFideId "1503014"]
[Annotator "Crowther, Mark"]
[EventDate "2013.01.12"]

1. e4 e5 2. Nf3 Nc6 3. c3 {"It was a surprise someone would actually play the
Ponziani against me." - Carlsen who used it as a surprise weapon against
Harikrishna in round 4. Carlsen said that maybe she was thinking of the
russian chess saying about trying not to play against your own openings and
hoped that this might make him uncomfortable.} Nf6 4. d4 exd4 5. e5 Nd5 6. Bc4
Nb6 7. Bb3 d5 8. cxd4 (8. exd6 Bxd6 {"And it's probably going to be more or
less equal." - Carlsen.}) 8... Bg4 9. Be3 f6 {Seems to be new and is very much
to the point.} (9... Bb4+ {1/2-1/2 Filipovic,M (2121)-Sekulic,D (2316)/Budva
MNE 2009/The Week in Chess 749 (68)}) 10. O-O Qd7 11. h3 Bh5 12. e6 {"What she
did looks very tempting but it's probably not very good." - Carlsen.} Qd6 {
"Now she will gain some time before I get to take the pawn but basically my
position is quite solid so there isn't all that much she can do."- Carlsen.} (
12... Qxe6 13. Ng5 {is the tactical point behind white's last.} Bxd1 (13...
fxg5 14. Qxh5+ g6 15. Qxg5 Be7 {"Seem playable but just a little bit too dull.
" - Carlsen.}) (13... Qxe3 {"But it's probably not very good." - Carlsen.} 14.
Qxh5+ g6 15. fxe3 gxh5 16. Ne6) 14. Nxe6 Bxb3 15. Nxc7+ Kf7 16. Nxa8 {"Then
white is coming out on top." - Carlsen.}) 13. Nc3 O-O-O 14. a4 {"14. a4 forces
a5 and she can get the pieces to some nice squares but really I'm more or less
defending everything and it's important I have the b4 square as once my bishop
gets there my queenside will really be cemented." - Carlsen.} a5 15. Nb5 Qxe6
16. Bf4 Rd7 17. Re1 Qf7 18. Rc1 (18. Bc2 g5 19. Bh2 Bg6) 18... Bb4 19. Re3 g5
$5 {"Is natural just to get something going on the kingside." - Carlsen.} (
19... Nc4 20. Bxc4 dxc4 {was also possible and Carlsen wondered in hindsight
if this might be a better continuation. Although there aren't any backrank
tricks because the bishop hasn't yet been pushed back to h2 "but at least I
haven't weakened my position." - Carlsen.}) 20. Bh2 Nc4 {"Here I don't know
whether 20....Nc4 is such a good plan. Maybe I should do something like: "} (
20... Re8 {and although she does have some compensation I think it's a pretty
good extra pawn." - Carlsen.}) 21. Bxc4 (21. Bxc4 dxc4 22. g4 Bg6) 21... dxc4
22. Qc2 {"Now I realised what I'd done wrong because I suddenly realised she
would have 25.Be5 and I couldn't think what else to do here. She's regaining
the pawn and there is still some kind of pressure." - Carlsen.} Bxf3 (22...
Rhd8 23. Qxc4 Qxc4 24. Rxc4 Bf7 25. Rc2 Bd5 26. Ne1 {"I have no problems
obviously." - Carlsen who pulled a face suggesting he was hardly impressed
with his position either.} b6 27. Nd3 Bf8 {"It just didn't seem convincing to
me." - Carlsen.}) 23. Rxf3 Nxd4 24. Nxd4 Rxd4 25. Be5 {Carlsen was worried he
was in danger of losing the "whole of his advantage."} Rd2 (25... Rd3 {It was
only later that Carlsen realised this might be an alternative here.} 26. Rxf6 (
26. Rxd3 cxd3 27. Qxc7+ Qxc7 28. Rxc7+ {"Isn't dangerous." - Carlsen.}) 26...
Qd5) 26. Qf5+ Qd7 27. Qxf6 (27. Qxd7+ Rxd7 28. Bxf6 Rf8 29. Kf1 c3 30. bxc3 Be7
31. Bd4 Rxf3 32. gxf3 {is a technical ending that might be savable.}) 27... Re8
28. Bg3 {Carlsen was happy to see the bishop go here.} (28. Bc3 {was more of a
worry to Carlsen.} Rd1+ 29. Rxd1 Qxd1+ 30. Kh2 Qd6+ {and black is better but
white keeps some drawing chances.}) (28. Qxg5 $2 Rd1+ 29. Rxd1 Qxd1+ 30. Kh2
Rxe5 31. Qxe5 Bd6 32. Rf8+ Kd7 33. Rf7+ Kd8 (33... Kc6 34. Rf6 {and white wins!
}) 34. Rf8+ Bxf8 {is an important variation in keeping control of the position,
.}) 28... Rd4 {Carlsen has a really comfortable position which he was playing
quickly and getting a huge advantage on the clock. In practical chess white is
in huge trouble. Carlsen liked the fact he was controling some key central
squares.} 29. Rf1 (29. Qxg5 Bd2) (29. b3 h5 $1 {is the winning idea for black
with the idea of h4.} (29... c3 30. Rfxc3 Bxc3 31. Rxc3 c6 {is pretty good
compensation for white for the exchange. "although black is still better."}) (
29... Rd1+ 30. Rxd1 Qxd1+ 31. Kh2 c3 32. Rxc3 Bxc3 33. Qxc3 {also still
compensation for white.})) 29... g4 {"I was trying to play it simple. She
still has drawing chances here because my pawns are a little weak and I would
like to have a couple more moves like b6 and Kb7 or something like that to
consolidate." - Carlsen.} 30. hxg4 Rxg4 31. Rf4 {was a problem for Carlsen who
couldn't see a way to keep his pawn.} h5 $1 {Played after some thought by
Carlsen. The opening of the h-file proves advantageous soon.} 32. Rxg4 hxg4 33.
Rc1 c3 {Carlsen gives back the pawn. "I don't have to but I like this idea
anyway." Hou Yifan was down to about 2 minutes plus 30 seconds a move until
first time control.} (33... b6 34. Rxc4 Bc5 35. Qh4 Kb7 36. Qxg4 Re1+ 37. Kh2
Qh7+ 38. Bh4 Kb8 39. Rxc5 {with perhaps more mess than he wants.}) 34. bxc3 Bc5
35. Qg5 (35. Qf4 {"I think she should definitely have gone 35.Qf4 here." -
Carlsen.} Bd6 {exchanging the bishops is still good for black but "still I
think it's a better chance." - Carlsen.} 36. Qc4 Bxg3 37. fxg3 {although when
Carlsen got here he thought black should be winning and indeed it looks
terrible for white.}) 35... b6 36. c4 Re4 (36... Kb7 {Tucking the king onto a
better square was certainly possible and maybe best but Carlsen poses more
problems as Hou Yifan's clock goes below 2 minutes (+ 30 seconds per move.)})
37. Qg6 Re2 38. Kf1 $2 Qd2 $1 {This leads to a decisive simplification into a
won ending.} (38... Ra2 39. Re1 Kb7 {was what the computer wanted as the
queenside will fall, but it is fixed and falling sometime anyway. Carlsen
doesn't want to give Hou any activity.}) 39. Qxg4+ (39. Qg8+ Kb7 40. Qd5+ Qxd5
41. cxd5 Re4 42. Ra1 {might be a little bit better than the game.}) 39... Kb8
40. Qxe2 (40. Qg8+ Ka7 41. Qf7 Rxf2+ (41... Re7 42. Qf4 Be3 $3) 42. Bxf2 Qxc1+
{isn't very effective.} 43. Be1) 40... Qxc1+ 41. Qe1 Qxc4+ 42. Qe2 Qxa4 43. Be5
Bd4 $5 {This seems to be over-egging the pudding.   "Then I tried to simplify
a bit, but perhaps I just made it more difficult because I think I lost some
of my advantage. But fortunately I never really let it go and somehow I
managed to win in the end." - Carlsen.  It is hard to forsee either a defence
nor counterplay after} (43... Qc6 {although Carlsen says that exchanging
bishops was the right idea "it wasn't as easy to win as I thought."}) 44. Bxd4
(44. f4 Qa1+ 45. Qe1 Bxe5 46. fxe5 Qxe1+ 47. Kxe1 Kc8 {is trivial.}) 44... Qxd4
45. g4 Qd5 {Carlsen hasn't lost his winning advantage but he has to be a good
deal more precise than he wanted to be after this simplification.} (45... a4
46. g5 a3 47. g6 {and it's not so easy for black to queen his pawn.} Qd5 48.
Qe8+ Kb7 49. g7 a2 50. Qa4 {and Carlsen wasn't so sure although he does have
options to exchange the two passed pawns or play b5.}) 46. Qe8+ (46. Kg1 a4 47.
f4 {and black is always one step ahead according to Carlsen.}) 46... Kb7 47.
Qa4 {Carlsen hadn't seen this idea.} b5 $2 {"Was just a blunder, I hadn't seen
she could go Qe1 at all." - Carlsen.} (47... Qc6 {was very possible as taking
queens off loses for white.}) 48. Qxa5 Qd1+ 49. Qe1 Qxg4 50. Qe5 Qc4+ 51. Kg2
$2 {Now Carlsen doesn't see "many drawing chances for white".} (51. Ke1 {Was
Carlsen's suggestion here. "I believe I'm winning.... [but it will take some
work] but this was definitely the better try" - Carlsen.} Qd3 {"Ah but now
she's still running [the f-pawn] There are more drawing chances than I thought.
" - Carlsen.}) 51... Qc6+ 52. Kf1 b4 53. f4 b3 54. f5 Ka6 $1 {The very best.
Black can't avoid precise calculation in this position and Carlsen gets it
right.} (54... Qc1+ 55. Kg2 Qc2+ 56. Kg3 c6 57. Qe7+ Ka6 58. Qa3+) 55. Qa1+ (
55. f6 b2 56. Qxb2 Qh1+ 57. Ke2 Qg2+ 58. Kd3 Qxb2 {is a very important point
of this move.}) 55... Kb6 56. Qh8 Qc1+ 57. Kg2 Qc2+ 58. Kh1 b2 59. Qb8+ {
Checks will follow but not perpetual check.} Ka5 60. Qa7+ Kb4 61. Qb7+ Ka3 62.
Qf3+ Qb3 63. Qa8+ Qa4 64. Qf3+ Ka2 65. Qd5+ Ka1 66. Qe5 c5 {The c-pawn will
help shield the black king and finally queen the pawn.} (66... c5 67. f6 Qd4 {
is the immediate point.}) 0-1